| 000 | 00000nam 2200000zi 4500 |
| 001 | 9.881689 |
| 003 | CaOODSP |
| 005 | 20221107170117 |
| 006 | m o d f |
| 007 | cr ||||||||||| |
| 008 | 191105t20202020qucbd o f000 0 fre d |
| 020 | |a9780660331614 |
| 040 | |aCaOODSP|bfre|erda|cCaOODSP |
| 043 | |an-cn-mb |
| 086 | 1 |aEn4-149/2020F-PDF |
| 245 | 00|aÉtat du Lac Winnipeg : |bfaits saillants. |
| 250 | |a2e édition. |
| 264 | 1|a[Gatineau, QC] : |bEnvironnement et Changement climatique Canada, |c2020. |
| 264 | 4|c©2020 |
| 300 | |a1 ressource en ligne (12 pages) : |bcartes en couleur, graphiques en couleur |
| 336 | |atexte|btxt|2rdacontent/fre |
| 337 | |ainformatique|bc|2rdamedia/fre |
| 338 | |aressource en ligne|bcr|2rdacarrier/fre |
| 500 | |aPublié aussi en anglais sous le titre : State of Lake Winnipeg: highlights. |
| 500 | |aTitre de la couverture. |
| 650 | 6|aÉcologie des lacs|zManitoba|zWinnipeg, Lac. |
| 651 | 6|aWinnipeg, Lac (Man.)|xAspect de l'environnement. |
| 710 | 1 |aCanada. |bEnvironnement et changement climatique Canada. |
| 775 | 08|tState of Lake Winnipeg : |w(CaOODSP)9.881688 |
| 795 | |tÉtat du lac Winnipeg : |w(CaOODSP)9.638839 |
| 856 | 40|qPDF|s7.43 Mo|uhttps://publications.gc.ca/collections/collection_2020/eccc/En4-149-2020-fra.pdf |